Quizzes
Events
Quiz Creation
Community
Videos
Private Events
Remove Ads
Sign In
Join for FREE
Feedback
Dark Mode
Quiz Categories
Sports
Geography
Music
Movies
Television
Just For Fun
Miscellaneous
History
Literature
Language
Science
Gaming
Entertainment
Religion
Holiday
For Kids
Quiz Lab
Recent
Popular Today
Quiz Kudos Today
Editor Picks
Curator Picks
Quizzes by...
Day
Popularity
Type
Ratings
Length
Year
Community
Subscriptions
Recent Discussions
Orange Saloon
Badges
Playlists
Quests
Create
Leaderboards
Showdown
Live 5
Trivia Bingo
Activity
Puzzle Library
Sporcle Events
Private Events
Virtual Trivia
Globe League
Become a Host
Pub Owners
SporcleCon
Opinionation
Our Games
Videos
Blog
Mobile Apps
Partnerships
Remove Ads and Go Orange
Feedback
Music
Pop Music
The Beatles
Song
Album
Lyrics
Bands
Singers
Artist
Clip
Rock
Rap
Classical
Billboard
Country Music
Kpop
Taylor Swift
Music
Pop Music
The Beatles
Song
Album
Lyrics
Bands
Singers
Artist
Clip
Rock
Rap
Classical
Billboard
Country Music
Kpop
Taylor Swift
Random Quiz
Search Sporcle
×
Quiz Lab
Quiz Lab
Music
Kpop
Type in answers that appear in a list
Type in answers that appear in a list
Classic
Best Score? Go Orange.
What is the KPOP group Stats
Can you name the What is the KPOP group?
By
guessit
15m
15 Questions
1,131 Plays
1,131 Plays
1,131 Plays
Comments
Comments
Give Quiz Kudos
Give Quiz Kudos
-
- Ratings
hide this ad
Forced Order
Answers have to be entered in order
Answers have to be entered in order
Replay
Link that replays current quiz
Next Quiz
Link to next quiz in quiz playlist
You Got
0%
They Got
Avg Score
25%
Avg Friend Score
Upgrade to see
Score Distribution
Jump to the score distribution portion of the page
Score
0/15
Timer
15:00
0
Plays Today
Question / hint
Group / Solo
% Correct
Appeared on 1 full season on hello baby
T-ara
62%
2 member of the group come from US
snsd
49.2%
All member have solos
Big Bang
40.9%
4 member with 1 kkab dancer
2AM
36.3%
They want _
_
_
_
_
_
_
but you
Wonder Girls
27.6%
Have a surname Yoon (Leader)
Beast
27.3%
the leader of the group appered before at 'We Got Married'
CN Blue
25.8%
Who have their own variety show on 2011?
2PM
24%
Question / hint
Group / Solo
% Correct
Lyric:Choeumeun anijyo sashil malha jamyon sarangdo ibyuldo haebwatjyo
shinee
19.3%
Some member have appered at 'DreamHigh'
superjunior
15.7%
Lyric:Nobody Nobody Nobody No one no bakken opso Shimnyoni jimnado gangsani byonhaedo no bakken opso Baboya nal boran mariya onuldo norul hyanghae sorichyo
FT Island
10.4%
the maknae of the group is the lead vocal
Miss A
10.2%
Have a song name that calls for a man
KARA
9.9%
Number 1
BoA
9.2%
Lyric:Eokkaega chuk neureojyeo ittneun neo Hansumman ddang kkeojige swineun neo Dapdaphan gaseumman tangtang chineun neo Duson moa haneurege gido haneun neo Ilgeorago moseubi naneu
U-kiss
9.1%
Quiz Playlist
Details
Report
Send in Message
Add To Playlist
Classic:
Type in answers that appear in a list
Forced Order:
Answers have to be entered in order
Last Updated: Feb 16, 2017
Quiz Scoreboard
CHALLENGE
Sign Up to Join the Scoreboard
Show All
Scores
Hide
Comments
May contain spoilers
Recently Published
NBA Finals Game Top Scorers (2010s)
by flibbidy
Sports
5m
Guess the 'R' Things in 3 Words
by MSUKent
Miscellaneous
3m
Actor to Badly Drawn Movie III
by MoMosMoProblems
Movies
5m
More to Explore
Quiz From the Vault
Featured Blog Post
Where Does Lost Luggage Go?
hide this ad
You Might Also Like...
Tags
Kpop Quiz
group
Today's Top Quizzes in Music
Browse Music
hide this ad
Today's Top Quizzes in Kpop
Browse Kpop
Top Contributed Quizzes in Music
1
Taylor Swift All Songs (2024)
2
Image Sorting: Rock Albums II
3
Image Sorting: Rock Albums III
4
Image Sorting: Rock Albums IV
5
Image Sorting: Rock Albums V
6
Image Sorting: Rock Albums VI
7
Taylor Swift Logic Puzzle
8
Adjectives in 80s Songs
9
Image Sorting: Album Titles
10
Nickname Match: Musicians
Explore More
Trending Topics
Harry Potter
Marvel
Anime
NBA
Disney
Kpop
Crossword
WWE
Song
Country
The Office
Pokémon
Puzzle
Soccer
NFL
hide this ad
More By:
guessit
Quiz
Plays
Rating
Category
Featured
Created
Can u name all KPOP groups name by 1 member name
49,823
3.45
Music
Aug 30, 2011
Can u name the hit song of the KPOP group ?
11,490
1.47
Music
Aug 30, 2011
What is the KPOP group
1,131
1.67
Music
Aug 30, 2011
Go to Creator's Profile
Score Distribution
Quiz Creator Spotlight
guessit
Follow
Send a Message
Quizzes Created
-
Created Quiz Play Count
-
More By This Creator
Popular Quizzes Today
1
Find the US States - No Outlines Minefield
2
Find the US States
3
The Countries of the World
4
10 Largest US States in Order
5
Find the Countries of Europe - No Outlines Minefield
6
US States
7
Guess the 'R' Things in 3 Words
8
NBA Finals Game Top Scorers (2010s)
More Music Quizzes
Babelfish Beatles
Published
Trending Quizzes
First Name TV: Leading Men
Match the Book to the Film II
First Name TV: Leading Women Drama
Pick A Pair: Religious TV
Match the Book to the Film VI
Recently Updated
Women's Final Four Teams by Year
bhenderson79
Presidents Quartet II
eogle
Anything But Clue(do)
eogle
Anything But Oceanian Capitals
eogle
Anything But 7
eogle
Anything But Thing
eogle
Word Ladder: February 29
pecheneg
Song Title Questions
pecheneg
Women's NCAA Tournament #1 Seeds
pecheneg
Celebrity Mug Shots
pecheneg
Trending Topics
Anime
Marvel
Crossword
Kpop
NBA
Disney
Harry Potter
Puzzle
Song
Pokémon
NFL
The Office
Soccer
WWE
Country
Your Account Isn't Verified!
In order to create a playlist on Sporcle, you need to verify the email address you used during registration. Go to your
Sporcle Settings
to finish the process.
Report this User
Report this user for behavior that violates our
Community Guidelines
.
Details:
Send Report
Go to the Sporcle.com Mobile Site →
Comments